Country Word Chain #1 - Statistics

General Stats
  • This quiz has been taken 29 times
  • The average score is 7 of 11
Answer Stats
Hint Countries % Correct
One of the smallest countries in Afrca Rwanda
85%
Smallest Island Country Nauru
77%
Spans two different continents Turkey
73%
Birthplace of Coffee Yemen
73%
Borders only the Pacific while its in North America El Salvador
65%
One border but purely on an island United Kingdom
62%
Mostly Below Sea Level Netherlands
58%
Borders the Caspian Sea Azerbaijan
54%
Connects two different continents Egypt
54%
Highest point is 7 feet Maldives
54%
1/5th of its land area is dedicated to parks and nature reserves Singapore
31%
No matching quizzes found
Score Distribution
Percent of People with Each Score
Percentile by Number Answered
Your Score History
You have not taken this quiz